000 00164nam a22000857a 4500
082 _a823
100 _aDOMINIC RAJ
245 _aA VARIETY OF MODERN STORIES
942 _cBK
999 _c8508
_d8508